000
00276nam a2200109Ia 4500
001
588573
005
20250717120834.0
008
250717s9999 xx 000 0 und d
245
0
_a
V-3 MAVİ ORMAN TAVŞANI
_c
SEVİNÇ KUŞOĞLU
260
_b
ERDEM YAYINLARI
_c
2019
300
_b
64
999
_c
588573
_d
588573